000 00289nam a22001217a 4500
008 160520b xxu||||| |||| 00| 0 eng d
020 _a9780697122711
020 _a0697122719
041 _aeng
080 _a159.9
245 _aHuman anotomy physiology:
_cJohn W. Hole Jr;
942 _2udc
_cBK
999 _c2329
_d2329